Normal view
MARC view
- Arter, Dennis R.
Entry Personal Name
001 - CONTROL NUMBER
- control field: 38410
003 - CONTROL NUMBER IDENTIFIER
- control field: OSt
005 - DATE AND TIME OF LATEST TRANSACTION
- control field: 20190422113614.0
008 - FIXED-LENGTH DATA ELEMENTS
- fixed length control field: 190422|| aca||aabn | a|a d
040 ## - CATALOGING SOURCE
- Original cataloging agency: OSt
- Transcribing agency: OSt
100 ## - HEADING--PERSONAL NAME
- Personal name: Arter, Dennis R.
670 ## - SOURCE DATA FOUND
- Source citation: Work cat.: (OSt): Arter, Dennis R. , How to audit the process-based QMS /, ©2013.
